[Event "Mittelrhein Verbandsliga-O 16/17"]
[Site "Nordrheinwestfalen"]
[Date "2016.12.18"]
[Round "5"]
[White "Kinnert, Dieter"]
[Black "Brueckmann, Ruediger"]
[Result "1-0"]
[WhiteElo "1768"]
[BlackElo "1734"]
[PlyCount "61"]
[EventDate "2016.09.11"]
[EventType "team-tourn"]
[EventRounds "11"]
[EventCountry "GER"]
[SourceTitle "EXT 2022"]
[Source "ChessBase"]
[SourceDate "2021.10.06"]
[SourceVersion "1"]
[SourceVersionDate "2021.10.06"]
[SourceQuality "1"]
[WhiteTeam "Troisdorf"]
[BlackTeam "Siebengebirge"]
[WhiteTeamCountry "GER"]
[BlackTeamCountry "GER"]

1. e4 e5 2. Nf3 Nc6 3. Bc4 Bc5 4. b4 Bxb4 5. c3 Ba5 6. d4 exd4 7. 0-0 Nge7 8. cxd4 d5 9. exd5 Nxd5 10. Qb3 Nce7 11. Ba3 c6 12. Bxe7 Kxe7 13. Nbd2 Bb6 14. Ne4 Be6 15. Qa3+ Kd7 16. Ne5+ Kc7 17. Qg3 Kc8 18. Nc5 Bxc5 19. dxc5 Qf6 20. Rab1 Nf4 21. Qb3 Qe7 22. Rfd1 Bxc4 23. Nxc4 Nd5 24. Nd6+ Kd7 25. Qxb7+ Ke6 26. Re1+ Kf6 27. Rxe7 Nxe7 28. Re1 Nd5 29. Qxf7+ Kg5 30. Re5+ Kg4 31. Qf5+ 1-0

[Event "Mittelrhein Verbandsliga Ost 1415"]
[Site "Mittelrhein"]
[Date "2015.01.11"]
[Round "6.8"]
[White "Brueckmann, Ruediger"]
[Black "Dreiling, Alexander"]
[Result "0-1"]
[WhiteElo "1732"]
[BlackElo "1803"]
[PlyCount "68"]
[EventDate "2014.09.07"]
[EventType "team-tourn"]
[EventRounds "11"]
[EventCountry "GER"]
[SourceTitle "EXT 2023"]
[Source "ChessBase"]
[SourceDate "2022.10.05"]
[SourceVersion "1"]
[SourceVersionDate "2022.10.05"]
[SourceQuality "1"]
[WhiteTeam "Siebengebirge"]
[BlackTeam "Lohmar"]
[WhiteTeamCountry "GER"]
[BlackTeamCountry "GER"]

1. e4 e5 2. Nf3 d5 3. exd5 e4 4. Qe2 Nf6 5. d3 Bb4+ 6. Bd2 Bxd2+ 7. Nfxd2 Nxd5 8. dxe4 Nb4 9. Qc4 a5 10. a3 N4c6 11. Nc3 0-0 12. 0-0-0 Nd7 13. Nf3 Re8 14. Bd3 Nde5 15. Nxe5 Nxe5 16. Qc5 c6 17. Kb1 b6 18. Qe3 Qc7 19. h3 b5 20. f4 Nxd3 21. Rxd3 b4 22. Na4 Ba6 23. Nb6 Rab8 24. Nd7 Rbd8 25. Nf6+ gxf6 26. Qg3+ Kh8 27. Re3 bxa3 28. Rxa3 Rxe4 29. Rf3 Rde8 30. Qh4 Qd6 31. Qh6 Qd4 32. c3 Re1+ 33. Rxe1 Rxe1+ 34. Ka2 Qa4# 0-1